00759nam a2200205Ia 4500003000900000008004100009040001600050080001600066100003500082245013500117260003500252300001600287490003100303650003100334650003000365650001900395942000700414999001500421952011700436IN-BaIIA211028s9999 xx 000 0 eng d cIIA Library a517.94bLUC aLuchka, Anton Yur'yevich95167 4aThe method of averaging functional correctionsbtheory and applicationscAnton Yur'yevich Luchka  aNew YorkbAcademic Pressc1965 axvii, 136p. aAcademic paperbacks series aAnalysis-Mathematics91722 aFunctional Analysis93259 aNASA Thesaurus cBK c2893d2893 00104070aBANbBANcGENd1967-03-30g24.84l0o517.94/ LUCp3217r2021-11-05v24.84w1967-03-30yBKGRs. 24.84